000 00655nam a2200241Ia 4500
003 OSt
005 20221007110715.0
006 a|||||r|||| 00| 0
007 ta
008 221006b |||||||| |||| 00| 0 eng d
024 _a21,678
037 _cTextual
040 _aLCO
_cLCO
_beng
041 _2eng
_aeng
082 _aX8(A):6, M2
100 _aR. Vishwanthan
_9707791
245 0 _aIndustrial Finance Foreword by R.K. Talwar
260 _aNew
_bDelhi S. Chand & Company Ltd. India
_c1982
300 _a320
650 _aINDUSTRIAL FINANCE
_9432305
942 _hX8(A):6, M2
_cTEXL
999 _c1191241
_d1191241